Thi pháp ca dao

সংরক্ষণ করুন:
গ্রন্থ-পঞ্জীর বিবরন
প্রধান লেখক: Nguyễn, Xuân Kính
বিন্যাস: গ্রন্থ
ভাষা:Undetermined
প্রকাশিত: Hà Nội Khoa học - Xã hội 1992
বিষয়গুলি:
ট্যাগগুলো: ট্যাগ যুক্ত করুন
কোনো ট্যাগ নেই, প্রথমজন হিসাবে ট্যাগ করুন!
Thư viện lưu trữ: Trung tâm Học liệu Trường Đại học Cần Thơ
LEADER 00701nam a2200217Ia 4500
001 CTU_11047
008 210402s9999 xx 000 0 und d
082 |a 801.951 
082 |b K312 
100 |a Nguyễn, Xuân Kính 
245 0 |a Thi pháp ca dao 
245 0 |c Nguyễn Xuân Kính 
260 |a Hà Nội 
260 |b Khoa học - Xã hội 
260 |c 1992 
526 |a Phân tích tác phẩm văn học dân gian,Thi pháp văn học dân gian 
526 |b XH613,XH619 
650 |a Folk literature, vietnamese 
650 |x History and criticism 
904 |i Nguyễn Quang Điền, 961015 
980 |a Trung tâm Học liệu Trường Đại học Cần Thơ